书目信息 |
| 题名: |
最新进口平面直角彩色电视机维修手册
|
|
| 作者: | 李育祥 编 | |
| 分册: | 第二集 | |
| 出版信息: | 北京 电子工业出版社 1991.3 |
|
| 页数: | 138页 | |
| 开本: | 26×37cm | |
| 丛书名: | 全国家用电器维修培训补充读物 | |
| 单 册: | ||
| 中图分类: | TN949.12 , TN949.7 | |
| 科图分类: | ||
| 主题词: | 彩色电视-电视接收机--维修 , 电视接收机-彩色电视--维修 , 电视接收机--维修 | |
| 电子资源: | ||
| ISBN: | 7-5053-1325-8 | |
| 000 | 01203nam2 2200337 45 | |
| 001 | 0192007808 | |
| 005 | 20040518175413.5 | |
| 010 | @a7-5053-1325-8@dCNY19.00 | |
| 020 | @aCN@b92007808 | |
| 092 | @a科技245-028 | |
| 100 | @a19920806d1991 em y0chiy0121 ea | |
| 101 | 0 | @achi |
| 102 | @aCN@b110000 | |
| 105 | @aa z 000yy | |
| 106 | @ar | |
| 200 | 10 | @a最新进口平面直角彩色电视机维修手册@Azui xin jin kou ping mian zhi jiao cai se dian shi ji wei xiu shou ce@h第二集@f李育祥等编@Fli yu xiang deng bian |
| 210 | @a北京@c电子工业出版社@d1991.3 | |
| 215 | @a138页@c图@d26×37cm | |
| 225 | 2 | @a全国家用电器维修培训补充读物@v9 |
| 300 | @a全国家用电器维修培训教材 附电路图集 | |
| 410 | 0 | @120010@a全国家用电器维修培训补充读物 |
| 517 | 1 | @a进口平面直角彩色电视机维修手册@Ajin kou ping mian zhi jiao cai se dian shi ji wei xiu shou ce |
| 540 | 1 | @a平面 直角 电视机 维修@Aping mian zhi jiao dian shi ji wei xiu |
| 606 | @a彩色电视-电视接收机@x维修 | |
| 606 | @a电视接收机-彩色电视@x维修 | |
| 606 | 0 | @a电视接收机@x维修 |
| 690 | @aTN949.12@v3 | |
| 690 | @aTN949.7 | |
| 701 | 0 | @a李育祥@Ali yu xiang@4编 |
| 801 | 0 | @aCN@bNLC@c19920806 |
| 905 | @f1@b262638@dTN949.7@e155:2 | |
| 最新进口平面直角彩色电视机维修手册.第二集/李育祥等编.-北京:电子工业出版社,1991.3 |
| 138页:图;26×37cm.-(全国家用电器维修培训补充读物;9) |
| 全国家用电器维修培训教材 附电路图集 |
| ISBN 7-5053-1325-8:CNY19.00 |
| ● |
| 相关链接 |
|
|
|
|
正题名:最新进口平面直角彩色电视机维修手册
索取号:TN949.7/155:2
 
预约/预借
| 序号 | 登录号 | 条形码 | 馆藏地/架位号 | 状态 | 备注 |
| 1 | 0262638 | 001327102 | 密集书库/ [索取号:TN949.7/155:2] | 在馆 | |
| 2 | 0262639 | 001327068 | 第二样本阅览室/ [索取号:TN949.7/155:2] | 在馆 |